PRACTICAL PHARMACEUTICAL CHEMISTRY-1 (Record no. 9639)

MARC details
000 -LEADER
fixed length control field 00350nam a22001577a 4500
003 - CONTROL NUMBER IDENTIFIER
control field SGT
020 ## - INTERNATIONAL STANDARD BOOK NUMBER
International Standard Book Number 81-239-0513-0
082 ## - DEWEY DECIMAL CLASSIFICATION NUMBER
Classification number 615.190
Item number P05B
100 ## - MAIN ENTRY--PERSONAL NAME
Personal name BECKETT, A.H, ED
245 ## - TITLE STATEMENT
Title PRACTICAL PHARMACEUTICAL CHEMISTRY-1
250 ## - EDITION STATEMENT
Edition statement 4TH
260 ## - PUBLICATION, DISTRIBUTION, ETC. (IMPRINT)
Place of publication, distribution, etc NEW DELHI
Name of publisher, distributor, etc CBS .PUB
Year of Publication 2005
300 ## - PAGE DESCRIPTION
No. of Pages 326
650 ## - SUBJECT ADDED ENTRY--TOPICAL TERM
Topical term or geographic name as entry element CHEMISTRY
942 ## - ADDED ENTRY ELEMENTS (KOHA)
Source of classification or shelving scheme Dewey Decimal Classification
Koha item type Books
942 ## - ADDED ENTRY ELEMENTS (KOHA)
-- 1
Holdings
Withdrawn status Lost status Source of classification or shelving scheme Damaged status Not for loan Collection code Home library Current library Shelving location Date acquired Vendor Name Cost, normal purchase price SGTU Bill Number Total Checkouts Full call number Accession No. (Barcode) Date last seen Date last borrowed Bill Date Koha item type
    Dewey Decimal Classification     PHARMACY SGT FA-FP Library SGT FA-FP Library Text Book 25/07/2016 UNIVERSAL BOOK 0.00 SGTU 156 1 615.190 P05B FP1993 03/12/2024 05/11/2024 15/07/2016 Books
    Dewey Decimal Classification     PHARMACY SGT FA-FP Library SGT FA-FP Library Reference Book 25/07/2016 UNIVERSAL BOOK 0.00 SGTU 156   615.190 P05B FP1994 25/07/2016   15/07/2016 Books
    Dewey Decimal Classification     PHARMACY SGT FA-FP Library SGT FA-FP Library Text Book 25/07/2016 UNIVERSAL BOOK 0.00 SGTU 156   615.190 P05B FP1995 25/07/2016   15/07/2016 Books
    Dewey Decimal Classification     PHARMACY SGT FA-FP Library SGT FA-FP Library Text Book 25/07/2016 UNIVERSAL BOOK 0.00 SGTU 156   615.190 P05B FP1996 25/07/2016   15/07/2016 Books